Els seglars davant del concili. (Record no. 176503)

MARC details
000 -LEADER
campo de control de longitud fija 00898nam a22002415i 4500
001 - NÚMERO DE CONTROL
campo de control 176503
003 - IDENTIFICADOR DE NÚMERO DE CONTROL
campo de control ES-MaACL
005 - FECHA Y HORA DE LA ÚLTIMA TRANSACCIÓN
campo de control 20230906220113.0
008 - DATOS DE LONGITUD FIJA--INFORMACIÓN GENERAL
campo de control de longitud fija 110119s1962 sp a |||| | cat d
080 ## - NÚMERO DE LA CLASIFICACIÓN DECIMAL UNIVERSAL
Número de la Clasificación Decimal Universal 27.732.3
245 04 - MENCIÓN DEL TÍTULO
Título Els seglars davant del concili.
Número de parte o sección de la obra I,
Nombre de parte o sección de la obra Els seglars /
Mención de responsabilidad, etc. Useros, Tibau, Pinyol ; II, Les seglars / Paniker, Wirsing, Renau.
260 ## - PUBLICACIÓN, DISTRIBUCIÓN, ETC.
Lugar de publicación, distribución, etc. Sarrià (Barcelona) :
Nombre del editor, distribuidor, etc. Editorial Franciscana,
Fecha de publicación, distribución, etc. 1962.
300 ## - DESCRIPCIÓN FÍSICA
Extensión 153 p. :
Otras características físicas il. ;
Dimensiones 18 cm.
490 1# - MENCIÓN DE SERIE
Mención de serie Critèrion. Col·lecció Ideològica ;
Designación de volumen o secuencia 16
504 ## - NOTA DE BIBLIOGRAFÍA, ETC.
Nota de bibliografía, etc. Bibliografía: p. 152-153.
546 ## - NOTA DE IDIOMA
Nota de lengua/lenguaje Texto en castellano y en catalán.
611 24 - PUNTO DE ACCESO ADICIONAL DE MATERIA--NOMBRE DE REUNIÓN/CONGRESO
Nombre de congreso/reunión o jurisdicción como elemento de entrada Concilio Vaticano (
Número del congreso/reunión o número de parte o sección 2º.
Fecha del congreso o de la firma del tratado 1962-1965)
9 (RLIN) 122
700 1# - ENTRADA AGREGADA--NOMBRE PERSONAL
Nombre de persona Useros, Manuel.
9 (RLIN) 112300
700 1# - ENTRADA AGREGADA--NOMBRE PERSONAL
Nombre de persona Paniker, Carme A. de.
9 (RLIN) 144804
830 1# - PUNTO DE ACCESO ADICIONAL DE SERIE-TÍTULO UNIFORME
Título uniforme Critèrion. Col·lecció Ideològica ;
Designación de volumen o secuencia 16
9 (RLIN) 190094
852 4# - LOCALIZACIÓN
Ubicación ES-MaACL
Número de control de estantería E-14105
Encuadernación Olim P-735
Holdings
Estatus retirado Estado de pérdida Estado de daño No para préstamo Biblioteca de origen Biblioteca actual Ubicación en estantería Fecha de adquisición Fuente de adquisición Total de préstamos Signatura topográfica completa Código de barras Visto por última vez Precio de reemplazo Tipo de ítem Koha
        Biblioteca del Ateneo de Madrid Biblioteca del Ateneo de Madrid Depósito 2 19/01/2011     E-14105 1185364 23/02/2023 23/02/2023 Libro impreso